MARC

LEADER 00000nam0a2200000 4500
001 375654
005 20231102012744.0
035 |a (RuTPU)RU\TPU\retro\33093 
035 |a RU\TPU\book\310981 
090 |a 375654 
100 |a 20221220d1912 km y0rusy50 ca 
101 0 |a rus 
102 |a RU 
105 |a y z 000zy 
200 1 |a О желтом снеге, выпавшем в Змеиногорском уезде Томской губернии 27-28 января 1911 года  |e [оттиск статьи]  |f В. А. Обручев 
210 |a Томск  |d 1912 
215 |a 6 с. 
225 1 |a Труды Томского общества изучения Сибири  |v Т. 2  |h № 1 
316 |5 63413507: 181169  |a С автографом автора 
316 |5 63413507: 26//240  |a На с. 1 дарственная надпись "В библиотеку Томского Технол. Института от автора" 
316 |5 63413507: ШкА/4155  |a На с. 1 дарственная надпись "В библиотеку Томск. Технол. Инст. от автора" 
317 |5 63413507: 181169  |a Поступила в НТБ в 1940 году в составе книжного собрания академика М. А. Усова 
606 1 |a Снежный покров  |2 stltpush  |3 (RuTPU)RU\TPU\subj\55392  |9 73428 
606 1 |a Гидросфера  |x Экология  |2 stltpush  |3 (RuTPU)RU\TPU\subj\73099  |9 86307 
610 1 |a снежный покров 
610 1 |a загрязнение 
610 1 |a труды учёных ТПУ 
610 1 |a дарственная надпись 
610 1 |a дары автора 
610 1 |a дары библиотеке 
610 1 |a коллекция В. А. Обручева 
610 1 |a библиотека М. А. Усова 
675 |a 551.578.46  |v 3 
675 |a 504.4  |v 3 
700 1 |a Обручев  |b В. А.  |c российский геолог  |c профессор Томского технологического института  |c исследователь Сибири, Центральной и Средней Азии  |c географ  |f 1863-1956  |g Владимир Афанасьевич  |2 stltpush  |3 (RuTPU)RU\TPU\pers\996 
801 1 |a RU  |b 63413507  |c 20150306 
801 2 |a RU  |b 63413507  |c 20221220  |g RCR 
942 |c BK